[Event "16th EUR-ch"]
[Site "Jerusalem ISR"]
[Date "2015.03.03"]
[Round "7"]
[White "Sjugirov, Sanan"]
[Black "Solak, Dragan"]
[Result "1-0"]
[WhiteElo "2678"]
[BlackElo "2607"]
[EventDate "2015.02.24"]
[PlyCount "99"]

1.d4 d5 2.c4 c6 3.Nc3 dxc4 4.e4 b5 5.a4 b4 6.Na2 Nf6 7.e5 Nd5 8.Bxc4 a5 9.
Nf3 e6 10.Bg5 Be7 11.Bxe7 Qxe7 12.Nc1 Ba6 13.Bxa6 Nxa6 14.Nb3 c5 15.Nxa5 
O-O 16.O-O Qc7 17.Nc4 cxd4 18.Nd6 d3 19.Rc1 Nc5 20.Ne4 Ra5 21.Nxc5 Rxc5 
22.Rxc5 Qxc5 23.Qxd3 h6 24.Ra1 Ra8 25.h3 Qc7 26.Qd1 Qb6 27.Rc1 Rd8 28.Qc2 
b3 29.Qc4 Ra8 30.Ra1 Qb4 31.Qd4 Ra5 32.Ra3 Qb8 33.Qc4 Qa7 34.Qxb3 Nb6 35.
Nd4 Rxa4 36.Nc6 Rxa3 37.bxa3 Qa6 38.a4 Nd7 39.Qb5 Qxb5 40.axb5 f6 41.f4 g5
42.f5 Kf7 43.Nd4 fxe5 44.fxe6+ Ke7 45.exd7 exd4 46.Kf2 Kxd7 47.Kf3 Kd6 48.
Ke4 Kc5 49.b6 Kxb6 50.Kxd4 1-0

[Event "16th EUR-ch"]
[Site "Jerusalem ISR"]
[Date "2015.03.03"]
[Round "7"]
[White "Kuzubov, Yuriy"]
[Black "Alexandrov, Alexei"]
[Result "1/2-1/2"]
[WhiteElo "2667"]
[BlackElo "2603"]
[EventDate "2015.02.24"]
[PlyCount "96"]

1.c4 e6 2.Nc3 d5 3.d4 Nf6 4.Nf3 Bb4 5.Qa4+ Nc6 6.e3 O-O 7.Qc2 b6 8.cxd5 
exd5 9.Bd3 Ne7 10.a3 Bd6 11.Nb5 a5 12.O-O Ba6 13.b3 Ne4 14.Nd2 Qd7 15.Nxd6
Bxd3 16.Qxd3 Nxd6 17.a4 Nc6 18.Ba3 Nb4 19.Qc3 Na6 20.Rac1 Rfc8 21.Qc6 Qxc6
22.Rxc6 Nb7 23.Rfc1 f6 24.Nf1 Kf7 25.Ng3 Nd8 26.R6c2 g6 27.e4 Ne6 28.exd5 
Nxd4 29.Rc3 Re8 30.Rd1 Ne2+ 31.Nxe2 Rxe2 32.Kf1 Ra2 33.Bc1 Ra1 34.Rc6 Rd8 
35.Rxf6+ Kxf6 36.Bb2+ Kf7 37.Bxa1 Nc5 38.Be5 Rd7 39.Rb1 Nd3 40.Bg3 Nb4 41.
d6 cxd6 42.Rc1 Ke6 43.Rc8 Kd5 44.Ke2 Na6 45.Rc3 Nc5 46.f3 b5 47.axb5 Rb7 
48.Kd2 Rxb5 1/2-1/2

[Event "16th EUR-ch"]
[Site "Jerusalem ISR"]
[Date "2015.03.03"]
[Round "7"]
[White "Brkic, Ante"]
[Black "Saric, Ivan"]
[Result "1/2-1/2"]
[WhiteElo "2586"]
[BlackElo "2661"]
[EventDate "2015.02.24"]
[PlyCount "45"]

1.e4 e5 2.Nf3 Nc6 3.Bb5 a6 4.Ba4 Nf6 5.O-O Be7 6.Re1 b5 7.Bb3 d6 8.c3 O-O 
9.h3 Na5 10.Bc2 c5 11.d4 Nd7 12.Nbd2 exd4 13.cxd4 Nc6 14.d5 Nce5 15.Nxe5 
Nxe5 16.f4 Ng6 17.Nf3 Bh4 18.Nxh4 Qxh4 19.Rf1 Bxh3 20.gxh3 Qg3+ 21.Kh1 
Qxh3+ 22.Kg1 Qg3+ 23.Kh1 1/2-1/2

[Event "16th EUR-ch"]
[Site "Jerusalem ISR"]
[Date "2015.03.03"]
[Round "7"]
[White "Akopian, Vladimir"]
[Black "Parligras, Mircea-Emilian"]
[Result "1-0"]
[WhiteElo "2660"]
[BlackElo "2583"]
[EventDate "2015.02.24"]
[PlyCount "61"]

1.e4 c6 2.d4 d5 3.e5 c5 4.dxc5 Nc6 5.a3 e6 6.Nf3 Qc7 7.Be3 Bd7 8.Nc3 a6 9.
Na4 Nxe5 10.Nb6 Rd8 11.Nxe5 Qxe5 12.Qd4 Qxd4 13.Bxd4 Ne7 14.b4 f6 15.O-O-O
Bb5 16.c4 dxc4 17.a4 Bc6 18.Bxc4 Bxg2 19.Rhe1 e5 20.Bc3 g6 21.Rxd8+ Kxd8 
22.Rd1+ Ke8 23.Kb2 Bg7 24.b5 axb5 25.axb5 Bh3 26.Na8 Nf5 27.Nc7+ Ke7 28.
Nd5+ Ke8 29.c6 Nd6 30.Nc7+ Kd8 31.b6 1-0

[Event "16th EUR-ch"]
[Site "Jerusalem ISR"]
[Date "2015.03.03"]
[Round "7"]
[White "Mamedov, Rauf"]
[Black "Svetushkin, Dmitry"]
[Result "1/2-1/2"]
[WhiteElo "2650"]
[BlackElo "2592"]
[EventDate "2015.02.24"]
[PlyCount "84"]

1.e4 e5 2.Nc3 Nc6 3.g3 Nf6 4.Bg2 Bc5 5.d3 a6 6.h3 d6 7.Nge2 Be6 8.O-O Qd7 
9.Kh2 d5 10.exd5 Nxd5 11.Ne4 Ba7 12.Ng5 Bf5 13.Nc3 h6 14.Nge4 Be6 15.Na4 
b6 16.c4 Ndb4 17.Be3 f5 18.Nec3 O-O 19.f4 Rad8 20.fxe5 Nxe5 21.b3 Qxd3 22.
Bf4 b5 23.cxb5 axb5 24.Qxd3 Nbxd3 25.Nxb5 Bb8 26.Nc5 Bd5 27.Bxe5 Nxe5 28.
Rad1 Bxg2 29.Kxg2 c6 30.Nd4 Ba7 31.Nce6 Bxd4 32.Rxd4 Rxd4 33.Nxd4 g6 34.
Re1 Rd8 35.Nxf5 Rd2+ 36.Kf1 gxf5 37.Rxe5 Rxa2 38.Rxf5 Rc2 39.b4 Rc4 40.Rf4
Rc3 41.Kf2 c5 42.bxc5 Rxc5 1/2-1/2

[Event "16th EUR-ch"]
[Site "Jerusalem ISR"]
[Date "2015.03.03"]
[Round "7"]
[White "Ter-Sahakyan, Samvel"]
[Black "Gajewski, Grzegorz"]
[Result "0-1"]
[WhiteElo "2580"]
[BlackElo "2646"]
[EventDate "2015.02.24"]
[PlyCount "74"]

1.e4 c5 2.Nf3 e6 3.d4 cxd4 4.Nxd4 Nc6 5.Nc3 Qc7 6.Be3 a6 7.Qd2 Nf6 8.O-O-O
Be7 9.f3 O-O 10.g4 b5 11.g5 Nh5 12.Kb1 Rd8 13.Rg1 Nxd4 14.Bxd4 d5 15.e5 g6
16.Ne2 b4 17.Ng3 Ng7 18.h4 a5 19.h5 a4 20.Rh1 b3 21.cxb3 axb3 22.axb3 Ba6 
23.hxg6 fxg6 24.Qh2 Kf7 25.Qxh7 Bxf1 26.Nf5 gxf5 27.g6+ Ke8 28.Qxg7 Be2 
29.Rh8+ Kd7 30.Qxe7+ Kxe7 31.Rh7+ Kf8 32.Rxc7 Bxd1 33.Be3 f4 34.Bxf4 Bxf3 
35.Bh6+ Ke8 36.g7 Be4+ 37.Kc1 Bh7 0-1

[Event "16th EUR-ch"]
[Site "Jerusalem ISR"]
[Date "2015.03.03"]
[Round "7"]
[White "Yilmaz, Mustafa"]
[Black "Ivanisevic, Ivan"]
[Result "1/2-1/2"]
[WhiteElo "2570"]
[BlackElo "2638"]
[EventDate "2015.02.24"]
[PlyCount "88"]

1.d4 Nf6 2.Nf3 c5 3.d5 g6 4.Nc3 Bg7 5.e4 d6 6.Be2 O-O 7.O-O Bg4 8.a4 Nbd7 
9.Qd3 Qa5 10.h3 c4 11.Qxc4 Bxf3 12.Bxf3 Ne5 13.Qe2 Rac8 14.Ra3 Nfd7 15.Bg5
Rfe8 16.Rb1 Nxf3+ 17.Qxf3 Ne5 18.Qe2 Nc4 19.b4 Qa6 20.Rab3 Nb6 21.Nb5 Nc4 
22.Nc3 h6 23.Bc1 Nb6 24.Qxa6 bxa6 25.a5 Rxc3 26.Rxc3 Bxc3 27.axb6 axb6 28.
Kf1 Rc8 29.Ke2 Bg7 30.Kd1 Rc4 31.f3 f5 32.exf5 gxf5 33.Be3 a5 34.bxa5 bxa5
35.Bd2 a4 36.Rb4 Rxb4 37.Bxb4 Bd4 38.g4 Kf7 39.c4 Kg6 40.Kc2 h5 41.Bd2 Bf6
42.Kb1 hxg4 43.hxg4 fxg4 44.fxg4 Bg5 1/2-1/2

[Event "16th EUR-ch"]
[Site "Jerusalem ISR"]
[Date "2015.03.03"]
[Round "7"]
[White "Van Kampen, Robin"]
[Black "Mchedlishvili, Mikheil"]
[Result "1/2-1/2"]
[WhiteElo "2626"]
[BlackElo "2586"]
[EventDate "2015.02.24"]
[PlyCount "78"]

1.e4 c5 2.Nf3 e6 3.d4 cxd4 4.Nxd4 Nc6 5.Nc3 a6 6.Nxc6 bxc6 7.Bd3 d5 8.O-O 
Nf6 9.Qe2 Bb7 10.b3 Be7 11.Bb2 O-O 12.Na4 Qc7 13.e5 Nd7 14.c4 dxc4 15.Bxc4
Nb6 16.Nxb6 Qxb6 17.Rac1 a5 18.Rc3 Ba6 19.Bxa6 Qxa6 20.Qh5 Rad8 21.Rh3 h6 
22.Bc1 Rd3 23.g3 Rfd8 24.Bxh6 g6 25.Qg4 R8d4 26.Bf4 Qc8 27.Qe2 Qd8 28.Be3 
Rd5 29.Qf3 Rd1 30.g4 Rxf1+ 31.Kxf1 Rxe5 32.Qf4 Qd3+ 33.Kg2 Re4 34.Qb8+ Qd8
35.Qxd8+ Bxd8 36.Kf3 f5 37.Rg3 Kf7 38.Rg1 a4 39.gxf5 exf5 1/2-1/2

[Event "16th EUR-ch"]
[Site "Jerusalem ISR"]
[Date "2015.03.03"]
[Round "7"]
[White "Kempinski, Robert"]
[Black "Dvoirys, Semen"]
[Result "1-0"]
[WhiteElo "2625"]
[BlackElo "2578"]
[EventDate "2015.02.24"]
[PlyCount "59"]

1.d4 Nf6 2.c4 e6 3.Nc3 Bb4 4.Qc2 c5 5.dxc5 Bxc5 6.Bf4 d5 7.e3 O-O 8.Nf3 
Nc6 9.a3 Qa5 10.O-O-O Be7 11.Nd2 Bd7 12.g4 e5 13.g5 exf4 14.gxf6 Bxf6 15.
Nxd5 Bh4 16.Nb3 Qd8 17.Nxf4 Qe8 18.Rg1 Ne5 19.Nd4 Rc8 20.Kb1 g6 21.Nd5 Bg4
22.Rd2 Bf3 23.Nf5 Nxc4 24.Bxc4 b5 25.Nd6 Qe5 26.Nxc8 bxc4 27.Qxc4 Qf5+ 28.
Ka1 Rxc8 29.Qxh4 Bxd5 30.Rgd1 1-0

[Event "16th EUR-ch"]
[Site "Jerusalem ISR"]
[Date "2015.03.03"]
[Round "7"]
[White "Sanal, Vahap"]
[Black "Romanov, Evgeny"]
[Result "0-1"]
[WhiteElo "2460"]
[BlackElo "2625"]
[EventDate "2015.02.24"]
[PlyCount "81"]

1.e4 e6 2.d4 d5 3.Nd2 c5 4.exd5 exd5 5.Ngf3 Nc6 6.Bb5 Bd6 7.dxc5 Bxc5 8.
O-O Ne7 9.Nb3 Bd6 10.Re1 O-O 11.h3 Bf5 12.Bd3 Qd7 13.Nbd4 Bg6 14.Be3 Rad8 
15.c3 h6 16.Qc2 Bh5 17.Nh4 Bb8 18.g4 Qd6 19.f4 Nxd4 20.Bxd4 Bg6 21.Qf2 
Bxd3 22.Bc5 Qxf4 23.Qxf4 Bxf4 24.Bxe7 Be4 25.Nf5 g6 26.Bxd8 Rxd8 27.Rf1 
Bg5 28.Ng3 Bd3 29.Rf3 Bb5 30.Rd1 Rd6 31.Rd4 Ra6 32.a3 Bc4 33.Kf2 Rb6 34.b4
Ra6 35.Nf1 Rxa3 36.Kg3 Be2 37.Re3 Bxf1 38.Re8+ Kg7 39.Rxd5 Rxc3+ 40.Kf2 
Bxh3 41.Rd7 0-1

[Event "16th EUR-ch"]
[Site "Jerusalem ISR"]
[Date "2015.03.03"]
[Round "7"]
[White "Beliavsky, Alexander"]
[Black "Esen, Baris"]
[Result "0-1"]
[WhiteElo "2623"]
[BlackElo "2571"]
[EventDate "2015.02.24"]
[PlyCount "126"]

1.d4 f5 2.Nf3 Nf6 3.g3 g6 4.Bg2 Bg7 5.O-O O-O 6.c4 d6 7.Nc3 c6 8.Qc2 Kh8 
9.Rd1 Na6 10.d5 Bd7 11.Be3 Qe8 12.Qd2 cxd5 13.cxd5 b5 14.a3 Nc5 15.Nd4 
Nce4 16.Nxe4 fxe4 17.Nc2 Qf7 18.Bd4 Kg8 19.Ne3 Bh6 20.Qe1 a6 21.f4 g5 22.
f5 g4 23.Qf2 Rac8 24.Bxf6 Bxe3 25.Qxe3 Qxf6 26.Bxe4 Qxb2 27.Bd3 Qe5 28.
Qxe5 dxe5 29.e4 Rc3 30.Kf2 Rfc8 31.Ke2 Kf7 32.Kd2 h5 33.Rdb1 R3c5 34.Rb2 
a5 35.Rc2 Rxc2+ 36.Bxc2 Kf6 37.Bd3 Rc5 38.Rb1 Be8 39.Be2 Kg5 40.Rb3 Kf6 
41.Rd3 Rc8 42.Rb3 Rc5 43.Bf1 Kf7 44.h3 gxh3 45.Bxh3 Rc4 46.Bg2 b4 47.axb4 
axb4 48.Bf3 Ba4 49.Rb2 Kf6 50.Ra2 b3 51.Rb2 Kg5 52.Bd1 Rxe4 53.Kc3 Re1 54.
Be2 Rc1+ 55.Kb4 Rc2 56.Ka3 e4 57.Rxc2 bxc2 58.Kb2 e3 59.Kc1 Kxf5 60.Bxh5 
Ke4 61.Be2 Kxd5 62.Kb2 Kd4 63.Ba6 e2 0-1

[Event "16th EUR-ch"]
[Site "Jerusalem ISR"]
[Date "2015.03.03"]
[Round "7"]
[White "Demchenko, Anton"]
[Black "Mikaelyan, Arman"]
[Result "1/2-1/2"]
[WhiteElo "2615"]
[BlackElo "2418"]
[EventDate "2015.02.24"]
[PlyCount "35"]

1.d4 d5 2.c4 c6 3.cxd5 cxd5 4.Nc3 Nc6 5.Bf4 Nf6 6.e3 Bf5 7.Qb3 Na5 8.Qa4+ 
Bd7 9.Qc2 e6 10.Nf3 Rc8 11.Bd3 Nc6 12.a3 Nh5 13.Be5 f6 14.Bg3 f5 15.Be5 
Nf6 16.O-O Nxe5 17.Nxe5 Bd6 18.f4 1/2-1/2

[Event "16th EUR-ch"]
[Site "Jerusalem ISR"]
[Date "2015.03.03"]
[Round "7"]
[White "Boruchovsky, Avital"]
[Black "Alekseev, Evgeny"]
[Result "0-1"]
[WhiteElo "2536"]
[BlackElo "2677"]
[EventDate "2015.02.24"]
[PlyCount "136"]

1.e4 c5 2.Nf3 e6 3.d4 cxd4 4.Nxd4 Nc6 5.Nc3 a6 6.Be3 Nf6 7.Qf3 Bb4 8.Nxc6 
bxc6 9.Bd3 d5 10.e5 Nd7 11.Qg4 Bf8 12.Bf4 g5 13.Bxg5 Rg8 14.Bxd8 Rxg4 15.
Bc7 Rxg2 16.Ne2 Rg7 17.O-O-O Ra7 18.Bd6 Bxd6 19.exd6 Nf6 20.c4 dxc4 21.
Bxc4 Rd7 22.Ng3 Rg4 23.b3 Kf8 24.f3 Rf4 25.Ne2 Rh4 26.Nc3 Nd5 27.Ne4 f5 
28.Nc5 Rxd6 29.Rd2 Rh3 30.Rf1 a5 31.f4 Kf7 32.Rg1 Kf8 33.Kb2 Rh4 34.Rdg2 
Ne7 35.Nd3 Bd7 36.Ne5 Be8 37.Nf3 Rh6 38.Re1 Bd7 39.Re5 Nd5 40.Bxd5 Rxd5 
41.Kc3 c5 42.Re3 Bc6 43.Ng5 Rd6 44.Rgg3 Be8 45.Re5 Ke7 46.Rge3 Rxh2 47.
Nxe6 Kf6 48.Nxc5 Bf7 49.a3 Rh1 50.Rd3 Rxd3+ 51.Nxd3 h5 52.Rxa5 h4 53.Ra6+ 
Kg7 54.Rd6 h3 55.Nf2 Rb1 56.Rd1 Rxb3+ 57.Kd4 Rf3 58.Nd3 Bh5 59.a4 Rg3 60.
Rc1 Bf3 61.Ke5 h2 62.Nf2 Rg2 63.Nh1 Rg1 64.Rc7+ Kh6 65.Nf2 Rf1 66.Kf6 Rxf2
67.Rc8 Kh5 68.Kxf5 Bg4+ 0-1

[Event "16th EUR-ch"]
[Site "Jerusalem ISR"]
[Date "2015.03.03"]
[Round "7"]
[White "Inarkiev, Ernesto"]
[Black "Abasov, Nijat"]
[Result "1-0"]
[WhiteElo "2675"]
[BlackElo "2523"]
[EventDate "2015.02.24"]
[PlyCount "59"]

1.d4 Nf6 2.c4 e6 3.Nf3 d5 4.Nc3 Bb4 5.cxd5 exd5 6.Bg5 Nbd7 7.e3 c5 8.dxc5 
Qa5 9.Rc1 Ne4 10.Qxd5 Nxc3 11.bxc3 Bxc3+ 12.Kd1 O-O 13.Bc4 Nxc5 14.Be7 Bb4
15.Bxf8 Be6 16.Qd4 Rxf8 17.Ke2 Rd8 18.Qh4 Bxc4+ 19.Qxc4 b5 20.Qc2 Na4 21.
Nd4 Nc3+ 22.Kf1 Qa6 23.h4 Ba5 24.Qd3 Nxa2 25.Ra1 Nb4 26.Qa3 Nc6 27.Kg1 b4 
28.Qa4 Rxd4 29.exd4 Qc4 30.d5 1-0

[Event "16th EUR-ch"]
[Site "Jerusalem ISR"]
[Date "2015.03.03"]
[Round "7"]
[White "Oparin, Grigoriy"]
[Black "Zhigalko, Sergei"]
[Result "0-1"]
[WhiteElo "2551"]
[BlackElo "2675"]
[EventDate "2015.02.24"]
[PlyCount "74"]

1.e4 c5 2.Nf3 d6 3.d4 cxd4 4.Nxd4 Nf6 5.Nc3 a6 6.h3 e6 7.g4 Be7 8.g5 Nfd7 
9.h4 b5 10.a3 Bb7 11.Be3 Nb6 12.f4 Na4 13.Nxa4 Bxe4 14.Nxb5 O-O 15.Rg1 
axb5 16.Nc3 Bc6 17.h5 Nd7 18.h6 g6 19.Qd2 b4 20.Ne2 d5 21.Nd4 Qc8 22.Rd1 
Nc5 23.Nxc6 Qxc6 24.Qd4 f6 25.gxf6 Rxf6 26.axb4 Ne4 27.Bd3 Rf7 28.b5 Qb7 
29.Bxe4 dxe4 30.b6 Rc8 31.Rg2 Bf6 32.Qb4 e5 33.f5 Bh4+ 34.Kd2 Qa6 35.Bf2 
Rd8+ 36.Ke1 Rxd1+ 37.Kxd1 Rd7+ 0-1

[Event "16th EUR-ch"]
[Site "Jerusalem ISR"]
[Date "2015.03.03"]
[Round "7"]
[White "Mikhalevski, Victor"]
[Black "Grachev, Boris"]
[Result "0-1"]
[WhiteElo "2559"]
[BlackElo "2670"]
[EventDate "2015.02.24"]
[PlyCount "88"]

1.c4 b6 2.Nc3 Bb7 3.e4 e5 4.Nf3 Nc6 5.g3 Bc5 6.Bg2 d6 7.d3 Nge7 8.O-O O-O 
9.Be3 Nd4 10.Bxd4 Bxd4 11.Nxd4 exd4 12.Ne2 c5 13.g4 b5 14.b3 bxc4 15.bxc4 
Rb8 16.f4 Bc8 17.Ng3 Ng6 18.h3 Nh4 19.Qd2 Qe7 20.f5 Qe5 21.Nh5 f6 22.Nf4 
g5 23.fxg6 hxg6 24.Rf2 Rb7 25.Raf1 Rbf7 26.Bh1 Kg7 27.Qe1 Rh8 28.Rb2 g5 
29.Ng2 Ng6 30.Rf3 Bxg4 31.hxg4 Qh2+ 32.Kf2 Qxh1 33.Qxh1 Rxh1 34.Rg3 Ne5 
35.Rb8 Ra1 36.Rh3 Nxg4+ 37.Kg3 Nh6 38.Rd8 Rd1 39.Kh2 Ng4+ 40.Kg3 Nh6 41.
Kh2 Rb7 42.Rg3 Nf7 43.Ra8 Rbb1 44.Nf4 Rb2+ 0-1

[Event "16th EUR-ch"]
[Site "Jerusalem ISR"]
[Date "2015.03.03"]
[Round "7"]
[White "Postny, Evgeny"]
[Black "Sivuk, Vitaly"]
[Result "1-0"]
[WhiteElo "2647"]
[BlackElo "2517"]
[EventDate "2015.02.24"]
[PlyCount "79"]

1.d4 Nf6 2.c4 e6 3.Nf3 Bb4+ 4.Bd2 a5 5.g3 b6 6.Bg2 Bb7 7.O-O O-O 8.Nc3 d6 
9.Rc1 Nbd7 10.d5 e5 11.Qc2 Nc5 12.b3 Bc8 13.Nb5 Bxd2 14.Nxd2 Bd7 15.a3 Na6
16.Nb1 Ng4 17.h3 Nh6 18.e3 Qe7 19.Kh2 Rae8 20.N1c3 g5 21.e4 f5 22.exf5 
Nxf5 23.Rce1 Qg7 24.Qd1 Re7 25.Qd2 h6 26.b4 axb4 27.axb4 Be8 28.Ra1 Nb8 
29.Ra7 Bg6 30.Re1 Ref7 31.Ne4 Nd4 32.Nxd4 exd4 33.Kg1 Re8 34.c5 bxc5 35.
bxc5 Bxe4 36.Bxe4 dxc5 37.d6 c6 38.Bh7+ Kf8 39.Rxe8+ Kxe8 40.Qb2 1-0

[Event "16th EUR-ch"]
[Site "Jerusalem ISR"]
[Date "2015.03.03"]
[Round "7"]
[White "Baron, Tal"]
[Black "Dreev, Aleksey"]
[Result "0-1"]
[WhiteElo "2510"]
[BlackElo "2643"]
[EventDate "2015.02.24"]
[PlyCount "70"]

1.e4 c6 2.d4 d5 3.Nd2 dxe4 4.Nxe4 Bf5 5.Ng3 Bg6 6.h4 h6 7.Nf3 e6 8.Ne5 Bh7
9.Bd3 Bxd3 10.Qxd3 Nd7 11.f4 c5 12.Bd2 Nxe5 13.fxe5 Qxd4 14.Qb5+ Qd7 15.
Qe2 Ne7 16.O-O-O c4 17.Qxc4 Qd5 18.Qa4+ b5 19.Qa5 Qb7 20.Qb4 Rc8 21.Kb1 
Ng6 22.Qb3 Nxe5 23.Bc3 Nc4 24.Nh5 Qc6 25.Nxg7+ Bxg7 26.Bxg7 Rg8 27.Bxh6 
Rxg2 28.Qc3 e5 29.Bg5 f6 30.Bh6 Rxc2 31.Kxc2 Na3+ 32.Kc1 Qb7 33.Rh3 b4 34.
Rg1 Rxc3+ 35.Rxc3 Qe4 0-1

[Event "16th EUR-ch"]
[Site "Jerusalem ISR"]
[Date "2015.03.03"]
[Round "7"]
[White "Kozul, Zdenko"]
[Black "Sadzikowski, Daniel"]
[Result "1/2-1/2"]
[WhiteElo "2630"]
[BlackElo "2492"]
[EventDate "2015.02.24"]
[PlyCount "135"]

1.d4 Nf6 2.Nf3 g6 3.c4 Bg7 4.Nc3 d5 5.Qb3 dxc4 6.Qxc4 O-O 7.e4 Nc6 8.Be2 
e5 9.d5 Nd4 10.Nxd4 exd4 11.Qxd4 c6 12.Qd1 Re8 13.dxc6 Qxd1+ 14.Nxd1 Nxe4 
15.cxb7 Bxb7 16.Be3 Nd6 17.O-O Nf5 18.Rc1 Nh4 19.Bb5 Bxg2 20.Bxe8 Rxe8 21.
Rc4 Bxf1 22.Kxf1 Nf3 23.Ra4 f5 24.Kg2 Ne1+ 25.Kg3 Nd3 26.Rxa7 Be5+ 27.f4 
Bb8 28.Ra3 Rd8 29.Kf3 Nxf4 30.Bxf4 Bxf4 31.Kxf4 Rxd1 32.Ke5 Kg7 33.b4 Rb1 
34.Ra7+ Kh6 35.a3 Rb3 36.Kd4 f4 37.Kc4 Rb1 38.Rd7 g5 39.a4 g4 40.a5 Ra1 
41.Kb5 Kg6 42.Rd8 h5 43.a6 h4 44.Rf8 Kg5 45.Kb6 g3 46.Rg8+ Kh5 47.hxg3 
hxg3 48.b5 Kh4 49.Rh8+ Kg4 50.Rg8+ Kh3 51.Rh8+ Kg2 52.Ka7 f3 53.b6 f2 54.
Rf8 f1=Q 55.Rxf1 Kxf1 56.b7 g2 57.b8=Q g1=Q+ 58.Qb6 Qg7+ 59.Qb7 Qd4+ 60.
Ka8 Qd8+ 61.Ka7 Ra5 62.Qf3+ Ke1 63.Qe3+ Kd1 64.Qf3+ Kd2 65.Qf2+ Kd3 66.
Qf3+ Kc4 67.Qe4+ Kc5 68.Qc6+ 1/2-1/2

[Event "16th EUR-ch"]
[Site "Jerusalem ISR"]
[Date "2015.03.03"]
[Round "7"]
[White "Salgado Lopez, Ivan"]
[Black "Firat, Burak"]
[Result "1/2-1/2"]
[WhiteElo "2628"]
[BlackElo "2486"]
[EventDate "2015.02.24"]
[PlyCount "96"]

1.c4 c6 2.d4 d5 3.Nf3 Nf6 4.e3 Bf5 5.Nc3 e6 6.Nh4 Be4 7.f3 Bg6 8.Qb3 Qc7 
9.Bd2 Be7 10.O-O-O dxc4 11.Bxc4 b5 12.Be2 a6 13.g4 c5 14.Nxg6 hxg6 15.dxc5
Nbd7 16.Qc2 Nxc5 17.Kb1 Rc8 18.g5 Nfd7 19.h4 Qb7 20.Rc1 Nb6 21.e4 Nca4 22.
Qd1 Nc5 23.Qf1 Ncd7 24.Nd1 Rxc1+ 25.Bxc1 Bd6 26.Bd3 Nc5 27.Bc2 e5 28.Ne3 
Ne6 29.Ng4 Nc4 30.Bb3 Nd4 31.Bxc4 bxc4 32.Qxc4 Nxf3 33.Qd3 Nd4 34.Bf4 Qe7 
35.Be3 Qe6 36.Bxd4 exd4 37.e5 Bxe5 38.Re1 Qxg4 39.Rxe5+ Kf8 40.a4 Rxh4 41.
Qxa6 Rh1+ 42.Ka2 Rc1 43.Qd6+ Kg8 44.Re8+ Kh7 45.Qh2+ Qh5 46.Qb8 Ra1+ 47.
Kxa1 Qd1+ 48.Ka2 Qxa4+ 1/2-1/2

[Event "16th EUR-ch"]
[Site "Jerusalem ISR"]
[Date "2015.03.03"]
[Round "7"]
[White "Givon, Asaf"]
[Black "Swiercz, Dariusz"]
[Result "0-1"]
[WhiteElo "2473"]
[BlackElo "2617"]
[EventDate "2015.02.24"]
[PlyCount "82"]

1.e4 c5 2.c3 d5 3.exd5 Qxd5 4.d4 Nf6 5.Nf3 e6 6.Be2 Be7 7.O-O O-O 8.c4 Qc6
9.dxc5 Rd8 10.Qc2 Qe4 11.Na3 Na6 12.Be3 Nxc5 13.Rfd1 Bd7 14.Bd4 Ba4 15.b3 
Bc6 16.Bb2 a5 17.Rxd8+ Rxd8 18.Rd1 Rxd1+ 19.Qxd1 Nfd7 20.Nc2 Qg6 21.Ne3 h6
22.Nd4 Be4 23.Bh5 Qh7 24.Bf3 Bf6 25.Bxe4 Qxe4 26.Ng4 Nd3 27.Nxf6+ Nxf6 28.
Bc3 Nf4 29.Qf1 e5 30.Nb5 a4 31.h3 axb3 32.axb3 h5 33.Bd2 Ne2+ 34.Kh2 Qd3 
35.Qe1 Ne4 36.Be3 g5 37.Qa1 g4 38.hxg4 hxg4 39.Qxe5 g3+ 40.Kh3 Nxf2+ 41.
Kh4 Qh7+ 0-1

[Event "16th EUR-ch"]
[Site "Jerusalem ISR"]
[Date "2015.03.03"]
[Round "7"]
[White "Zubov, Alexander"]
[Black "Goryachkina, Aleksandra"]
[Result "1-0"]
[WhiteElo "2607"]
[BlackElo "2451"]
[EventDate "2015.02.24"]
[PlyCount "85"]

1.c4 c6 2.e4 d5 3.exd5 cxd5 4.cxd5 Nf6 5.Qa4+ Nbd7 6.Nc3 g6 7.Bc4 Bg7 8.d3
O-O 9.Nf3 a6 10.Qa3 b6 11.O-O Bb7 12.Re1 b5 13.Bb3 Qb6 14.Be3 Qd6 15.Qxd6 
exd6 16.Bf4 b4 17.Na4 Nxd5 18.Bxd6 Rfd8 19.d4 Rac8 20.Rad1 a5 21.Nc5 Ba8 
22.Bxd5 Bxd5 23.Be7 Nxc5 24.Bxd8 Nb7 25.Be7 Bxa2 26.d5 Bxb2 27.Re2 Bb3 28.
Rb1 Rc1+ 29.Re1 Rxe1+ 30.Nxe1 Bc3 31.Rxb3 Bxe1 32.Bf6 Bd2 33.Rb2 Bh6 34.
Rc2 Nd6 35.Rc6 Bf8 36.Ra6 Ne4 37.Bd4 f5 38.Rxa5 Kf7 39.Ra7+ Ke8 40.Rxh7 
Be7 41.Kf1 b3 42.Ke2 Bc5 43.Kd3 1-0

[Event "16th EUR-ch"]
[Site "Jerusalem ISR"]
[Date "2015.03.03"]
[Round "7"]
[White "Marin, Mihail"]
[Black "Yuffa, Daniil"]
[Result "1/2-1/2"]
[WhiteElo "2603"]
[BlackElo "2469"]
[EventDate "2015.02.24"]
[PlyCount "105"]

1.Nf3 Nf6 2.c4 g6 3.b3 Bg7 4.Bb2 O-O 5.g3 d6 6.Bg2 e5 7.d3 Nc6 8.O-O h6 9.
Nc3 Nh7 10.Nd2 f5 11.e3 g5 12.Nd5 Ne7 13.f4 c6 14.Nxe7+ Qxe7 15.Qc2 Bd7 
16.Rae1 Rae8 17.Nf3 c5 18.b4 b6 19.Bc3 Bf6 20.Kh1 Qg7 21.bxc5 exf4 22.Bxf6
Nxf6 23.exf4 g4 24.Nh4 bxc5 25.d4 Ne4 26.Nxf5 Bxf5 27.Bxe4 Rxe4 28.Rxe4 
cxd4 29.Rfe1 Qb7 30.Qg2 Bxe4 31.Qxe4 Rb8 32.Kg1 Qxe4 33.Rxe4 Rb1+ 34.Kf2 
Rb2+ 35.Re2 Rb4 36.Rc2 d3 37.Rd2 Rxc4 38.Rxd3 Rc2+ 39.Ke3 Rxa2 40.Rxd6 
Rxh2 41.f5 h5 42.Kf4 Kf7 43.Ra6 h4 44.gxh4 Rxh4 45.Kg5 Rh7 46.Rxa7+ Kg8 
47.Ra8+ Kf7 48.f6 g3 49.Ra7+ Kg8 50.Ra8+ Kf7 51.Ra7+ Kg8 52.Ra1 Kf7 53.
Ra7+ 1/2-1/2

[Event "16th EUR-ch"]
[Site "Jerusalem ISR"]
[Date "2015.03.03"]
[Round "7"]
[White "Kanmazalp, Ogulcan"]
[Black "Grigoryan, Karen"]
[Result "1-0"]
[WhiteElo "2457"]
[BlackElo "2596"]
[EventDate "2015.02.24"]
[PlyCount "95"]

1.e4 c5 2.Nf3 e6 3.d4 cxd4 4.Nxd4 Nf6 5.Nc3 Nc6 6.Be2 d6 7.Be3 Be7 8.Qd2 
e5 9.Nf5 Bxf5 10.exf5 d5 11.Bg5 d4 12.Bxf6 dxc3 13.Qxd8+ Rxd8 14.Bxg7 cxb2
15.Rb1 Rg8 16.f6 Bb4+ 17.Kf1 Bc3 18.h4 Rd2 19.Bh6 Rxc2 20.Bd1 Rg6 21.Bg5 
Rxg5 22.Bxc2 Rg4 23.Bxh7 e4 24.g3 Nd4 25.Kg2 Nf3 26.Kh3 Ne5 27.Bf5 Rg8 28.
Bxe4 Ng4 29.Kg2 Bxf6 30.Bxb7 Kd7 31.Rhd1+ Kc7 32.Bf3 Nh6 33.Rd5 Rb8 34.g4 
Ng8 35.g5 Bh8 36.Rf5 f6 37.Rc5+ Kd6 38.Rc6+ Kd7 39.Ra6 fxg5 40.Rxa7+ Kd6 
41.hxg5 Rb5 42.Ra6+ Ke7 43.g6 Bd4 44.Ra4 Bc3 45.Rc4 Be5 46.a4 Rb6 47.Rc6 
Rb4 48.Bd5 1-0

[Event "16th EUR-ch"]
[Site "Jerusalem ISR"]
[Date "2015.03.03"]
[Round "7"]
[White "Yilmazyerli, Mert"]
[Black "Hovhannisyan, Robert"]
[Result "0-1"]
[WhiteElo "2465"]
[BlackElo "2592"]
[EventDate "2015.02.24"]
[PlyCount "114"]

1.e4 c6 2.d4 d5 3.Nc3 dxe4 4.Nxe4 Bf5 5.Nc5 Nd7 6.Bd3 Bxd3 7.Nxd3 e6 8.Nf3
Bd6 9.O-O Ne7 10.Re1 O-O 11.c3 Qc7 12.h3 Rad8 13.Qe2 h6 14.Nfe5 Bxe5 15.
Nxe5 Nxe5 16.Qxe5 Qxe5 17.Rxe5 Rd5 18.Bf4 Ng6 19.Rxd5 exd5 20.Bg3 h5 21.
Re1 f6 22.Bd6 Rd8 23.Bc7 Rc8 24.Bd6 Kf7 25.Kf1 Rd8 26.Bc7 Rd7 27.Bb8 a6 
28.Ba7 Nf4 29.Rd1 Rd8 30.Bb6 Re8 31.Bc7 Ne6 32.Bb6 g5 33.Rd2 g4 34.Rd1 Rg8
35.Rd3 Rh8 36.Kg1 Nf4 37.Rd2 Re8 38.Kf1 Kg6 39.Bc7 Ne6 40.Bg3 Kf5 41.Re2 
b5 42.f3 Rg8 43.Kf2 Ng5 44.Re7 gxf3 45.gxf3 Nxh3+ 46.Kg2 Nf4+ 47.Kh2 a5 
48.Rc7 Ne2 49.Bd6 Ng1 50.Rxc6 Nxf3+ 51.Kh3 Ng1+ 52.Kh2 Ke4 53.Bc7 f5 54.
Re6+ Kf3 55.Re5 Kf2 56.Rxf5+ Nf3+ 57.Kh3 Rh8 0-1

[Event "16th EUR-ch"]
[Site "Jerusalem ISR"]
[Date "2015.03.03"]
[Round "7"]
[White "Damaso, Rui"]
[Black "Bok, Benjamin"]
[Result "1-0"]
[WhiteElo "2451"]
[BlackElo "2587"]
[EventDate "2015.02.24"]
[PlyCount "61"]

1.Nf3 d5 2.d4 Nf6 3.c4 e6 4.Nc3 c6 5.Bg5 h6 6.Bxf6 Qxf6 7.g3 g6 8.e4 dxe4 
9.Nxe4 Bb4+ 10.Ke2 Qd8 11.c5 O-O 12.Ne5 Ba5 13.f4 Kg7 14.Kf2 Bc7 15.Bc4 
Nd7 16.Re1 Nf6 17.Nxf6 Qxf6 18.Qf3 Qe7 19.Qc3 Kg8 20.Re2 Bd7 21.Rae1 Rad8 
22.Nxg6 fxg6 23.Rxe6 Bxe6 24.Rxe6 Rxf4+ 25.gxf4 Qh4+ 26.Qg3 Qxg3+ 27.hxg3 
Rxd4 28.Re4+ Rxc4 29.Rxc4 Kf7 30.Ra4 Bb8 31.Kf3 1-0

[Event "16th EUR-ch"]
[Site "Jerusalem ISR"]
[Date "2015.03.03"]
[Round "7"]
[White "Banusz, Tamas"]
[Black "Ferreira, Jorge Viterbo"]
[Result "1/2-1/2"]
[WhiteElo "2582"]
[BlackElo "2427"]
[EventDate "2015.02.24"]
[PlyCount "107"]

1.c4 Nf6 2.Nf3 g6 3.Nc3 Bg7 4.e4 d6 5.d4 O-O 6.Be2 e5 7.d5 Na6 8.Bg5 h6 9.
Bh4 g5 10.Bg3 Nxe4 11.Nxe4 f5 12.Nfd2 fxe4 13.Nxe4 Bf5 14.Bd3 Bxe4 15.Bxe4
Nc5 16.Qe2 Qd7 17.O-O Nxe4 18.Qxe4 Qf5 19.f3 Qxe4 20.fxe4 g4 21.Rxf8+ Rxf8
22.Bf2 a5 23.Be3 b6 24.Bd2 h5 25.Rf1 Rxf1+ 26.Kxf1 Bf6 27.Ke2 Kf7 28.Kd3 
Ke8 29.Kc2 Kd7 30.Kb3 Bh4 31.Bc3 Bf2 32.Ka4 Be3 33.Be1 Bc1 34.b3 Bf4 35.h3
gxh3 36.gxh3 Bc1 37.Kb5 Ba3 38.Bd2 Bc5 39.Be1 Ba3 40.Bf2 Bb4 41.Be3 Ba3 
42.Bd2 Bc5 43.a4 Bd4 44.Be1 Be3 45.Ka6 Kc8 46.Kb5 Kd7 47.Bc3 Bd4 48.Bd2 
Bc5 49.Bxa5 bxa5 50.Kxa5 Kc8 51.b4 Bf2 52.Kb5 Kb7 53.c5 Be1 54.c6+ 1/2-1/2